000
00322nam a2200133Ia 4500
005
20251222144706.0
008
251222s9999||||xx |||||||||||||| ||spa||
020
_a
84-344-1517-8
082
_a
340.57/G97/Ej.2
100
_a
Guy, Isaac
245
0
_a
Manual de Derecho Comunitario General
264
_b
Ariel
942
_c
LIB
999
_c
17648
_d
17648